00670nam a2200193 a 450000100100000000500170001000800410002704000250006808200230009310000260011624500950014225000120023726000100024930000350025950000710029460000350036565000350040065100410043500003263920240313182404.0110725s1939 dr r 000 0 spa d aDO-SdBNPbspacBNPHU a923.9bL791C, 19391 aLlaverías, Federico10aCristóbal Colón :bel hallazgo de sus restos en Santo Domingo /cFederico Llaverías. a4a. ed. a1939. a27 p. :bil., retrs. ;c24 cm. aIncluye referencias bibliográficas y notas al pie de las paginas 0aCOLÓN, CRISTOBAL,d1436-1456 4aTumbaszRepública Dominicana 4aRepública DominicanaxAntiguidades